| 000 | 00423nam a2200145Ia 4500 | ||
|---|---|---|---|
| 008 | 230917s9999||||xx |||||||||||||| ||und|| | ||
| 040 |
_e165221 _aMAIN |
||
| 041 | _aEnglish | ||
| 082 | _a891.431731 SA49:JK | ||
| 100 | _aजगदीश कुमार | ||
| 245 | 0 | _aशमशेरः कवितालोक | |
| 260 |
_aहिन्दी _bराधाकृष्ण _c1982 |
||
| 300 | _a170पृ. p. | ||
| 942 | _cHN | ||
| 999 |
_c35138 _d35138 |
||